[Event "European Women-ch 2023"]
[Site "Petrovac"]
[Date "2023.03.20"]
[Round "3.15"]
[White "Ivanovic, Tara"]
[Black "Froewis, Annika"]
[Result "0-1"]
[WhiteElo "1472"]
[BlackElo "2123"]
[Annotator "TA"]
[PlyCount "52"]
[EventDate "2023.03.15"]
[EventType "swiss"]
[EventCountry "MNE"]
[SourceTitle "playchess.com"]
[Source "ChessBase"]
[SourceQuality "1"]

1. e4 e6 2. d4 d5 3. Nd2 Nf6 4. e5 Nfd7 5. Bd3 c5 6. c3 b6 7. Nh3 Ba6 8. Bxa6 Nxa6 9. Qg4 cxd4 10. cxd4 Nb4 11. O-O g6 12. a3 Nc2 13. Rb1 h5 14. Qf4 Bh6 15. Qf3 Nxd4 16. Qd3 Nf5 17. Nf3 Nc5 18. Qb5+ Qd7 19. Qxd7+ Kxd7 20. Nhg5 Ke7 21. b4 Na4 22. Bd2 b5 23. Rbc1 Rac8 24. h3 Bg7 25. Bf4 Nb2 26. Rfe1 Nd3 0-1

[Event "European Women-ch 2023"]
[Site "Petrovac"]
[Date "2023.03.20"]
[Round "3.16"]
[White "Melia, Salome"]
[Black "Calzetta Ruiz, Monica"]
[Result "1/2-1/2"]
[WhiteElo "2366"]
[BlackElo "2185"]
[Annotator "TA"]
[PlyCount "81"]
[EventDate "2023.03.15"]
[EventType "swiss"]
[EventCountry "MNE"]
[SourceTitle "playchess.com"]
[Source "ChessBase"]
[SourceQuality "1"]

1. e4 c5 2. Nf3 e6 3. b3 b6 4. c4 Bb7 5. Nc3 Nc6 6. d4 cxd4 7. Nxd4 Nf6 8. Nc2 Be7 9. Bd3 O-O 10. O-O Rc8 11. Bb2 a6 12. Kh1 Ne5 13. Be2 d6 14. f4 Ned7 15. Bf3 b5 16. cxb5 axb5 17. Qe2 Qb6 18. a3 Rc5 19. Rac1 Rfc8 20. Nd4 Ba6 21. b4 Rc4 22. Nb3 Ne8 23. Na5 R4c7 24. e5 dxe5 25. fxe5 Bg5 26. Rcd1 Nxe5 27. Qxe5 Bf6 28. Qf4 Bxc3 29. Bxc3 Rxc3 30. Bb7 R8c7 31. Rd8 Kf8 32. Be4 Ke7 33. Qxf7+ Kxd8 34. Rd1+ Nd6 35. Qf8+ Kd7 36. Qxg7+ Ke8 37. Qg8+ Ke7 38. Qg5+ Ke8 39. Qg8+ Ke7 40. Qg5+ Ke8 41. Qg8+ 1/2-1/2

[Event "European Women-ch 2023"]
[Site "Petrovac"]
[Date "2023.03.20"]
[Round "3.16"]
[White "Mashchenko, Tamila"]
[Black "Pavlidou, Ekaterini"]
[Result "0-1"]
[WhiteElo "1956"]
[BlackElo "2178"]
[Annotator "TA"]
[PlyCount "110"]
[EventDate "2023.03.15"]
[EventType "swiss"]
[EventCountry "MNE"]
[SourceTitle "playchess.com"]
[Source "ChessBase"]
[SourceQuality "1"]

1. d4 Nf6 2. c4 e6 3. Nc3 Bb4 4. e3 O-O 5. Bd3 d5 6. a3 Bxc3+ 7. bxc3 dxc4 8. Bxc4 c5 9. Nf3 Qc7 10. Be2 b6 11. O-O Bb7 12. Bb2 Nbd7 13. c4 Rfd8 14. Rc1 Rac8 15. Qb3 Ng4 16. g3 Ngf6 17. Rfd1 Ne4 18. d5 Ndf6 19. dxe6 Ng4 20. Rd7 Rxd7 21. exd7 Qxd7 22. Rf1 Qc6 23. Qb5 Qe6 24. Qb3 Qh6 25. Nh4 Ngf6 26. Bxf6 Qxf6 27. Qc2 Rd8 28. Bd3 Ng5 29. Rd1 g6 30. Bf1 Rxd1 31. Qxd1 Ne4 32. Qc2 Qa1 33. Nf3 Nxg3 34. hxg3 Bxf3 35. Qd3 Qd1 36. Qxd1 Bxd1 37. Bd3 Bf3 38. Kf1 Kg7 39. Ke1 Kf6 40. Kd2 Ke5 41. Bc2 h5 42. Ba4 g5 43. Bd7 f5 44. Ke1 Be4 45. f4+ gxf4 46. gxf4+ Kd6 47. Be8 h4 48. Kf2 a6 49. Kg1 Ke7 50. Ba4 Bd3 51. Kh2 Bxc4 52. Bc2 Kf6 53. Kh3 b5 54. Kxh4 b4 55. a4 Ba2 0-1

[Event "European Women-ch 2023"]
[Site "Petrovac"]
[Date "2023.03.20"]
[Round "3.17"]
[White "Velikic, Adela"]
[Black "Tsirulnik, Maritsa"]
[Result "1-0"]
[WhiteElo "2329"]
[BlackElo "2121"]
[Annotator "TA"]
[PlyCount "69"]
[EventDate "2023.03.15"]
[EventType "swiss"]
[EventCountry "MNE"]
[SourceTitle "playchess.com"]
[Source "ChessBase"]
[SourceQuality "1"]

1. e4 c5 2. Nf3 e6 3. d4 cxd4 4. Nxd4 Nc6 5. Nc3 d6 6. g4 Nge7 7. Be3 a6 8. h4 h6 9. Be2 b5 10. Qd2 Bb7 11. O-O-O Nxd4 12. Qxd4 Nc6 13. Qd2 Rc8 14. Rh3 Na5 15. b3 Qc7 16. Kb2 Be7 17. Bd4 Kf8 18. f4 Nc6 19. Bf2 Bf6 20. Kb1 Be7 21. Bf1 Nb4 22. a3 Nc6 23. Na2 Rd8 24. Bg2 a5 25. Nc3 Ba6 26. Bf1 Qb7 27. Qe2 a4 28. b4 Rb8 29. Kc1 Qc7 30. Nxa4 Bf6 31. e5 bxa4 32. Qxa6 dxe5 33. Bc5+ Be7 34. Rc3 Nxb4 35. Bxb4 1-0

[Event "European Women-ch 2023"]
[Site "Petrovac"]
[Date "2023.03.20"]
[Round "3.17"]
[White "Mayrhuber, Nikola"]
[Black "Silva, Mariana Sofia T."]
[Result "1-0"]
[WhiteElo "2162"]
[BlackElo "1920"]
[Annotator "TA"]
[PlyCount "61"]
[EventDate "2023.03.15"]
[EventType "swiss"]
[EventCountry "MNE"]
[SourceTitle "playchess.com"]
[Source "ChessBase"]
[SourceQuality "1"]

1. d4 d5 2. c4 e6 3. Nc3 Nf6 4. cxd5 exd5 5. Bg5 c6 6. e3 h6 7. Bh4 Be7 8. Bd3 O-O 9. Nge2 Re8 10. O-O a5 11. f3 b5 12. Rc1 Nbd7 13. Qd2 Ba6 14. Bf2 Bf8 15. Kh1 Nb6 16. b3 Qd7 17. Ng3 g6 18. e4 b4 19. Nce2 Bxd3 20. Qxd3 dxe4 21. fxe4 Ng4 22. Bg1 c5 23. Nf4 cxd4 24. Bxd4 Ne5 25. Qe3 Nc8 26. Nd5 Ng4 27. Qf3 f5 28. Qxg4 fxg4 29. Nf6+ Kf7 30. Nxd7+ Ke6 31. Nxf8+ 1-0

[Event "European Women-ch 2023"]
[Site "Petrovac"]
[Date "2023.03.20"]
[Round "3.18"]
[White "Zimina, Olga"]
[Black "Dwilewicz, Katarzyna"]
[Result "1-0"]
[WhiteElo "2295"]
[BlackElo "2114"]
[Annotator "TA"]
[PlyCount "115"]
[EventDate "2023.03.15"]
[EventType "swiss"]
[EventCountry "MNE"]
[SourceTitle "playchess.com"]
[Source "ChessBase"]
[SourceQuality "1"]

1. d4 Nf6 2. Nf3 e6 3. g3 d5 4. c4 Bb4+ 5. Bd2 Be7 6. Bg2 O-O 7. O-O Nbd7 8. Qc2 Ne4 9. Bf4 c6 10. Nbd2 g5 11. Be3 Nd6 12. Ne1 Nf5 13. Qd3 Bd6 14. Nc2 Qe7 15. Rac1 Nxe3 16. Nxe3 f5 17. cxd5 cxd5 18. Nf3 h6 19. Rc2 Kg7 20. Rfc1 b6 21. Ne5 Nxe5 22. dxe5 Bxe5 23. Bxd5 Rb8 24. Bf3 Bb7 25. Qb5 Bd6 26. Nc4 Bxf3 27. Nxd6 Qxd6 28. exf3 Rbd8 29. Rc6 Qd5 30. Qxd5 exd5 31. Rc7+ Rf7 32. Rxf7+ Kxf7 33. Rc7+ Ke6 34. Rxa7 d4 35. Kf1 Rc8 36. Rh7 Rc1+ 37. Ke2 Rc2+ 38. Kd3 Rxb2 39. Kxd4 Rxa2 40. Rxh6+ Kf7 41. Rxb6 Rxf2 42. Ke5 f4 43. g4 Rxf3 44. Kf5 Rf2 45. h3 Rh2 46. Rb7+ Ke8 47. Rb3 Re2 48. Kxg5 Re3 49. Rb8+ Ke7 50. h4 Rh3 51. Rb5 f3 52. Rf5 Ke6 53. h5 Ke7 54. Kg6 Ke6 55. h6 Rg3 56. g5 Rh3 57. h7 Ke7 58. Rxf3 1-0

[Event "European Women-ch 2023"]
[Site "Petrovac"]
[Date "2023.03.20"]
[Round "3.18"]
[White "Kejzar, Petra"]
[Black "Karaivanova, Petya"]
[Result "1-0"]
[WhiteElo "2128"]
[BlackElo "1875"]
[Annotator "TA"]
[PlyCount "125"]
[EventDate "2023.03.15"]
[EventType "swiss"]
[EventCountry "MNE"]
[SourceTitle "playchess.com"]
[Source "ChessBase"]
[SourceQuality "1"]

1. d4 d5 2. c4 e6 3. Nf3 Nf6 4. g3 Bb4+ 5. Nbd2 O-O 6. Bg2 dxc4 7. O-O c3 8. bxc3 Bxc3 9. Rb1 Bxd4 10. Nxd4 Qxd4 11. Bb2 Qd8 12. Qc2 Nbd7 13. Rfd1 Qe7 14. Qxc7 Nd5 15. Qc1 Rd8 16. Ne4 b5 17. Nc3 Bb7 18. Ba3 Qf6 19. Ne4 Qg6 20. Nd6 Rac8 21. Nxc8 Rxc8 22. Qb2 a6 23. Rbc1 Re8 24. Qc2 Qh5 25. e4 N5f6 26. Rxd7 Nxd7 27. Qc7 Ne5 28. Qxb7 Rd8 29. Qc8 Qd1+ 30. Rxd1 Rxc8 31. Bf1 h6 32. f4 Ng4 33. Bh3 Ne3 34. Rc1 Rd8 35. Bc5 Nc4 36. Bf1 Nd2 37. e5 Ne4 38. Be3 Nd2 39. Be2 Ne4 40. Rc6 b4 41. Rxa6 Nc3 42. Kf2 Nd5 43. Bc4 Nc3 44. Bb3 Nd5 45. Rd6 Rc8 46. Bxd5 Rc2+ 47. Ke1 exd5 48. Rxd5 Rxa2 49. Rd2 Ra1+ 50. Ke2 Kh7 51. Rb2 Rh1 52. Kd3 Kg6 53. Ke4 Kh5 54. Kf3 g6 55. Bf2 g5 56. g4+ Kg6 57. f5+ Kg7 58. Kg2 Rd1 59. Rxb4 Rd5 60. Rb7 Kg8 61. Bg3 Rd4 62. Kf3 Ra4 63. e6 1-0

[Event "European Women-ch 2023"]
[Site "Petrovac"]
[Date "2023.03.20"]
[Round "3.19"]
[White "Vidic, Teja"]
[Black "Lazarne Vajda, Szidonia"]
[Result "0-1"]
[WhiteElo "2097"]
[BlackElo "2294"]
[Annotator "TA"]
[PlyCount "158"]
[EventDate "2023.03.15"]
[EventType "swiss"]
[EventCountry "MNE"]
[SourceTitle "playchess.com"]
[Source "ChessBase"]
[SourceQuality "1"]

1. e4 d6 2. d4 Nf6 3. Nc3 e5 4. Nf3 Nbd7 5. Bc4 Be7 6. a4 O-O 7. a5 c6 8. O-O h6 9. Re1 Re8 10. h3 exd4 11. Nxd4 Bf8 12. a6 Nc5 13. axb7 Bxb7 14. f3 d5 15. exd5 Rxe1+ 16. Qxe1 cxd5 17. Bf1 Qb6 18. Qf2 Re8 19. Bb5 Rc8 20. b4 Ne6 21. Nxe6 Qxf2+ 22. Kxf2 fxe6 23. Ne2 Bxb4 24. Be3 a5 25. c3 Bxc3 26. Nxc3 Rxc3 27. Rxa5 e5 28. Ra7 Bc8 29. Re7 Rc2+ 30. Kf1 d4 31. Bf2 Rc5 32. Bd3 Kf8 33. Ra7 Nd5 34. Be4 Nc3 35. Bd3 Nd5 36. Be4 Be6 37. Be1 Ne3+ 38. Kf2 Rb5 39. g4 Bd5 40. Bxd5 Nxd5 41. Bd2 Rb2 42. Ke1 Rb3 43. Ra5 Nf6 44. Rxe5 Rxf3 45. g5 hxg5 46. Bxg5 Rxh3 47. Bxf6 gxf6 48. Rd5 Rh4 49. Rd7 Ke8 50. Ra7 Re4+ 51. Kd2 Re7 52. Ra4 Rd7 53. Kd3 Kf7 54. Ra1 Rd5 55. Ke4 Rd6 56. Kd3 f5 57. Rh1 Kg6 58. Rg1+ Kf6 59. Rf1 Rd7 60. Rf2 Kg5 61. Rf1 f4 62. Rg1+ Kf5 63. Rg8 f3 64. Rf8+ Kg4 65. Rg8+ Kf4 66. Rf8+ Kg3 67. Rg8+ Kf2 68. Rf8 Kg2 69. Rg8+ Kf1 70. Rf8 f2 71. Rg8 Ra7 72. Kd2 Ra2+ 73. Kd1 d3 74. Rg7 d2 75. Rf7 Ra1+ 76. Kxd2 Kg2 77. Rg7+ Kh3 78. Rh7+ Kg4 79. Rg7+ Kh5 0-1

[Event "European Women-ch 2023"]
[Site "Petrovac"]
[Date "2023.03.20"]
[Round "3.19"]
[White "Bassari, Senem Gul"]
[Black "Abdinova, Narmin"]
[Result "0-1"]
[WhiteElo "1524"]
[BlackElo "2090"]
[Annotator "TA"]
[PlyCount "58"]
[EventDate "2023.03.15"]
[EventType "swiss"]
[EventCountry "MNE"]
[SourceTitle "playchess.com"]
[Source "ChessBase"]
[SourceQuality "1"]

1. e4 e5 2. Nf3 Nc6 3. Bb5 a6 4. Ba4 Nf6 5. O-O Be7 6. Re1 b5 7. Bb3 d6 8. c3 Na5 9. Bc2 c5 10. h3 g5 11. b4 cxb4 12. cxb4 Nc6 13. Bb3 g4 14. Ng5 Rf8 15. Bb2 gxh3 16. g3 h6 17. Nf3 Bg4 18. a3 Rc8 19. Qe2 h2+ 20. Kh1 Bh5 21. a4 d5 22. d3 d4 23. axb5 axb5 24. Na3 Nh7 25. Bd1 Ng5 26. Qd2 Bxf3+ 27. Kxh2 Qd7 28. Bxf3 Qh3+ 29. Kg1 Nxf3# 0-1

[Event "European Women-ch 2023"]
[Site "Petrovac"]
[Date "2023.03.20"]
[Round "3.20"]
[White "Urh, Zala"]
[Black "Berke, Ana"]
[Result "1-0"]
[WhiteElo "2294"]
[BlackElo "2107"]
[Annotator "TA"]
[PlyCount "61"]
[EventDate "2023.03.15"]
[EventType "swiss"]
[EventCountry "MNE"]
[SourceTitle "playchess.com"]
[Source "ChessBase"]
[SourceQuality "1"]

1. d4 Nf6 2. c4 e6 3. Nc3 Bb4 4. a3 Bxc3+ 5. bxc3 c5 6. f3 d5 7. cxd5 Nxd5 8. dxc5 Qa5 9. e4 Nf6 10. Be3 O-O 11. Qb3 Nfd7 12. a4 Qc7 13. Qa3 Na6 14. Bxa6 bxa6 15. Ne2 Ne5 16. O-O Nc4 17. Qc1 e5 18. Bf2 Rb8 19. Rd1 Rb2 20. Ng3 Be6 21. Nf5 Rfb8 22. h4 f6 23. Rd3 Bxf5 24. exf5 e4 25. fxe4 Rxf2 26. Kxf2 Rb2+ 27. Kg1 Qxc5+ 28. Rd4 h6 29. Kh1 Re2 30. Qf1 Re3 31. Qxc4+ 1-0

[Event "European Women-ch 2023"]
[Site "Petrovac"]
[Date "2023.03.20"]
[Round "3.20"]
[White "Recica, Jona"]
[Black "Slaba, Andrea"]
[Result "0-1"]
[WhiteElo "1231"]
[BlackElo "2061"]
[Annotator "TA"]
[PlyCount "88"]
[EventDate "2023.03.15"]
[EventType "swiss"]
[EventCountry "MNE"]
[SourceTitle "playchess.com"]
[Source "ChessBase"]
[SourceQuality "1"]

1. e4 c6 2. d4 d5 3. Nc3 dxe4 4. Nxe4 Bf5 5. Ng3 Bg6 6. h4 h6 7. h5 Bh7 8. Nf3 Nd7 9. Bd3 Bxd3 10. Qxd3 Ngf6 11. Bf4 e6 12. O-O-O Be7 13. Ne4 Nxe4 14. Qxe4 Nf6 15. Qe2 Qd5 16. c4 Qe4 17. Qxe4 Nxe4 18. Ne5 f5 19. Rhf1 O-O 20. Be3 Bg5 21. f4 Bf6 22. Ng6 Rfd8 23. Rf3 Rac8 24. Bg1 Nd6 25. c5 Ne4 26. Re3 b6 27. cxb6 axb6 28. Rb3 b5 29. Kb1 Rb8 30. Rdd3 Kf7 31. Ra3 Ra8 32. Rxa8 Rxa8 33. Ne5+ Bxe5 34. dxe5 Ke7 35. Re3 Rd8 36. Re1 Rd5 37. Bh2 Rd2 38. Rg1 c5 39. b3 Nc3+ 40. Kc1 Rxa2 41. Re1 Rxg2 42. Rh1 Ra2 43. Bg1 Ne4 44. Kb1 Re2 0-1

[Event "European Women-ch 2023"]
[Site "Petrovac"]
[Date "2023.03.20"]
[Round "3.21"]
[White "Kulon, Klaudia"]
[Black "Pogorelskikh, Sofia"]
[Result "0-1"]
[WhiteElo "2290"]
[BlackElo "2102"]
[Annotator "TA"]
[PlyCount "106"]
[EventDate "2023.03.15"]
[EventType "swiss"]
[EventCountry "MNE"]
[SourceTitle "playchess.com"]
[Source "ChessBase"]
[SourceQuality "1"]

1. Nf3 d5 2. e3 Nf6 3. c4 e6 4. Nc3 Bd6 5. b3 a6 6. Bb2 b6 7. cxd5 exd5 8. Be2 O-O 9. O-O Bb7 10. Qc2 Nbd7 11. Qf5 Re8 12. Bd3 Ne5 13. Nxe5 Rxe5 14. Qf3 Qc8 15. Qd1 d4 16. Ne2 Bf3 17. Qc2 Rc5 18. Qxc5 Qg4 19. Ng3 bxc5 20. gxf3 Qxf3 21. Be2 Qd5 22. Bc4 Qg5 23. Rae1 Re8 24. Kg2 h5 25. Kh1 h4 26. Ne2 Ne4 27. exd4 h3 28. Ng3 Bxg3 29. hxg3 Nxf2+ 30. Rxf2 Rxe1+ 31. Kh2 Re7 32. Ba3 Re4 33. Bxc5 Rg4 34. Rxf7 Kh7 35. Rf3 Qxd2+ 36. Kxh3 Qg5 37. Bd3+ Kh6 38. a4 a5 39. b4 axb4 40. a5 Qh5+ 41. Kg2 Qd5 42. a6 b3 43. a7 b2 44. Kf2 Rg6 45. Re3 Rf6+ 46. Kg1 Rf3 47. Rxf3 Qxf3 48. Bc2 Kh5 49. d5 Qxd5 50. Bf2 Kg4 51. Kf1 Qc4+ 52. Kg2 Qc6+ 53. Kg1 Qxc2 0-1

[Event "European Women-ch 2023"]
[Site "Petrovac"]
[Date "2023.03.20"]
[Round "3.21"]
[White "Pirvulescu, Ekaterina"]
[Black "Kostina, Veronika"]
[Result "1-0"]
[WhiteElo "2032"]
[BlackElo "1855"]
[Annotator "TA"]
[PlyCount "93"]
[EventDate "2023.03.15"]
[EventType "swiss"]
[EventCountry "MNE"]
[SourceTitle "playchess.com"]
[Source "ChessBase"]
[SourceQuality "1"]

1. e4 c6 2. d4 d5 3. exd5 cxd5 4. Bd3 Nc6 5. c3 Qc7 6. h3 g6 7. Ne2 Bf5 8. Bxf5 gxf5 9. Bf4 Qd7 10. O-O e6 11. c4 Nge7 12. c5 Bg7 13. Nbc3 O-O 14. Bd6 b6 15. Rb1 bxc5 16. Bxc5 a5 17. Nf4 Kh8 18. a3 Rfb8 19. b4 axb4 20. axb4 Nc8 21. b5 Na5 22. Nd3 Nc4 23. Nb2 N8d6 24. Nxc4 Nxc4 25. Qd3 Rb7 26. Ra1 Rg8 27. Ra6 Qd8 28. Rfa1 Rb8 29. Ra7 f6 30. Re7 Re8 31. Rxe8+ Qxe8 32. Qe2 Qg8 33. Ra7 h6 34. Qh5 Rc8 35. Qg6 Nd2 36. b6 Nc4 37. Nb5 Rb8 38. Nc7 Bf8 39. Qxg8+ Kxg8 40. b7 Na5 41. Rxa5 Rxb7 42. Nxe6 Bxc5 43. Rxc5 Rb1+ 44. Kh2 Rb2 45. Kg3 h5 46. h4 Rb3+ 47. f3 1-0

[Event "European Women-ch 2023"]
[Site "Petrovac"]
[Date "2023.03.20"]
[Round "3.22"]
[White "Hapala, Elisabeth"]
[Black "Hrebenshchykova, Yelyzaveta"]
[Result "0-1"]
[WhiteElo "2072"]
[BlackElo "2289"]
[Annotator "TA"]
[PlyCount "80"]
[EventDate "2023.03.15"]
[EventType "swiss"]
[EventCountry "MNE"]
[SourceTitle "playchess.com"]
[Source "ChessBase"]
[SourceQuality "1"]

1. e4 c5 2. Nf3 e6 3. d4 cxd4 4. Nxd4 Nc6 5. Nc3 Qc7 6. Be3 a6 7. a3 b5 8. Nxc6 Qxc6 9. Be2 Bb7 10. O-O Qc7 11. Bf3 Bd6 12. g3 Nf6 13. Qd3 Be5 14. Bd4 d6 15. Bxe5 dxe5 16. Rfd1 O-O 17. Qd6 Rfc8 18. Bg2 Qxd6 19. Rxd6 g5 20. f3 Kf8 21. Kf2 Ke7 22. Rad1 Nd5 23. Nxd5+ Bxd5 24. Rb6 Rxc2+ 25. Kg1 Bc6 26. Bf1 Be8 27. b4 Ra2 28. Rd3 h5 29. Rc3 Rd8 30. Rxa6 Rd1 31. Ra7+ Kf8 32. Rc8 Raa1 33. Raa8 Rxf1+ 34. Kg2 Rfb1 35. Rxe8+ Kg7 36. Rh8 Ra2+ 37. Kh3 Rh1 38. Rag8+ Kf6 39. Rh6+ Ke7 40. Rxh5 Raxh2+ 0-1

[Event "European Women-ch 2023"]
[Site "Petrovac"]
[Date "2023.03.20"]
[Round "3.23"]
[White "Schulze, Lara"]
[Black "Valkova, Angelika"]
[Result "1/2-1/2"]
[WhiteElo "2277"]
[BlackElo "2055"]
[Annotator "TA"]
[PlyCount "93"]
[EventDate "2023.03.15"]
[EventType "swiss"]
[EventCountry "MNE"]
[SourceTitle "playchess.com"]
[Source "ChessBase"]
[SourceQuality "1"]

1. e4 d5 2. exd5 Qxd5 3. Nc3 Qa5 4. d4 Nf6 5. Nf3 Bf5 6. Bd2 e6 7. Ne4 Qb6 8. Nxf6+ gxf6 9. Bc3 Nc6 10. Bd3 Bxd3 11. Qxd3 O-O-O 12. O-O Rd5 13. a4 Be7 14. Rfd1 h5 15. b3 h4 16. Bb2 Ne5 17. Nxe5 fxe5 18. a5 Rxa5 19. Rxa5 Qxa5 20. dxe5 Rd8 21. Qe2 Rxd1+ 22. Qxd1 Bg5 23. h3 Bf4 24. Kf1 Bxe5 25. Bxe5 Qxe5 26. Qg4 Qf5 27. Qxh4 Qxc2 28. Qh8+ Kd7 29. Qd4+ Kc6 30. b4 e5 31. b5+ Kxb5 32. Qxe5+ c5 33. h4 Qd1+ 34. Qe1 Qd5 35. Qe2+ c4 36. h5 Qf5 37. g4 Qf6 38. Qe4 Kb4 39. Qxb7+ Kc3 40. Qxa7 Kb2 41. Qb7+ Kc1 42. Qh1 c3 43. Ke2+ Kb2 44. Qb7+ Kc1 45. Qh1+ Kb2 46. Qb7+ Kc1 47. Qh1+ 1/2-1/2

[Event "European Women-ch 2023"]
[Site "Petrovac"]
[Date "2023.03.20"]
[Round "3.24"]
[White "Sliwicka, Alicja"]
[Black "Koljevic, Nikolina"]
[Result "1-0"]
[WhiteElo "2272"]
[BlackElo "2042"]
[Annotator "TA"]
[PlyCount "49"]
[EventDate "2023.03.15"]
[EventType "swiss"]
[EventCountry "MNE"]
[SourceTitle "playchess.com"]
[Source "ChessBase"]
[SourceQuality "1"]

1. e4 c5 2. Nf3 e6 3. d4 cxd4 4. Nxd4 Nf6 5. Nc3 Nc6 6. Ndb5 Bc5 7. Nd6+ Ke7 8. Bf4 e5 9. Nf5+ Kf8 10. Bg5 h6 11. Bxf6 Qxf6 12. Bc4 d6 13. Ne3 Be6 14. O-O Kg8 15. Ncd5 Qg5 16. c3 Ne7 17. Nxe7+ Qxe7 18. Nd5 Qh4 19. b4 Qxe4 20. Ne7+ Kf8 21. Bxe6 fxe6 22. bxc5 d5 23. Re1 Qh7 24. Rxe5 Kxe7 25. Qxd5 1-0

[Event "European Women-ch 2023"]
[Site "Petrovac"]
[Date "2023.03.20"]
[Round "3.25"]
[White "Walter, Ema"]
[Black "Zhapova, Yana"]
[Result "0-1"]
[WhiteElo "2048"]
[BlackElo "2269"]
[Annotator "TA"]
[PlyCount "82"]
[EventDate "2023.03.15"]
[EventType "swiss"]
[EventCountry "MNE"]
[SourceTitle "playchess.com"]
[Source "ChessBase"]
[SourceQuality "1"]

1. e4 c6 2. d4 d5 3. exd5 cxd5 4. Bd3 Nc6 5. c3 Nf6 6. Bf4 Bg4 7. Qb3 Qd7 8. Nd2 e6 9. Ngf3 Bd6 10. Bxd6 Qxd6 11. O-O O-O 12. Rfe1 Qc7 13. Ne5 Nxe5 14. Rxe5 Bh5 15. Qc2 Bg6 16. Bxg6 hxg6 17. Re3 Rfc8 18. Qd3 Qd6 19. Rh3 Nh5 20. Qe3 b5 21. Nf3 f6 22. Ne5 fxe5 23. dxe5 Qf8 24. Rf3 Qe7 25. g4 Rc4 26. gxh5 gxh5 27. Rg3 Rf8 28. Kh1 h4 29. Rg6 d4 30. cxd4 Qb7+ 31. Kg1 Rf3 32. Qg5 Rxd4 33. Rc1 Qd7 34. Kg2 Rf8 35. Re1 Rdf4 36. Re2 R8f5 37. Qh6 Qd5+ 38. Kg1 Qd1+ 39. Kg2 h3+ 40. Kxh3 Qf1+ 41. Kg3 Rf3+ 0-1

[Event "European Women-ch 2023"]
[Site "Petrovac"]
[Date "2023.03.20"]
[Round "3.26"]
[White "Lomaia, Diana"]
[Black "Olde, Margareth"]
[Result "0-1"]
[WhiteElo "1950"]
[BlackElo "2234"]
[Annotator "TA"]
[PlyCount "76"]
[EventDate "2023.03.15"]
[EventType "swiss"]
[EventCountry "MNE"]
[SourceTitle "playchess.com"]
[Source "ChessBase"]
[SourceQuality "1"]

1. d4 Nf6 2. c4 e6 3. Nc3 Bb4 4. Nf3 b6 5. Qb3 c5 6. dxc5 bxc5 7. g3 Nc6 8. Bg2 Bb7 9. O-O Na5 10. Qc2 Nxc4 11. a3 Bxc3 12. Qxc3 d5 13. b3 Qa5 14. Qc2 Nd6 15. Bd2 Qb6 16. Ne5 Rc8 17. a4 Nf5 18. e3 h6 19. Rfc1 O-O 20. a5 Qd6 21. Nd3 Nd7 22. Nf4 Ne7 23. Qb2 e5 24. a6 Bc6 25. Ne2 d4 26. Bxc6 Nxc6 27. Qa3 Qd5 28. exd4 cxd4 29. Rc4 Qf3 30. Re1 Nf6 31. Nc1 Ne4 32. Re2 Nxd2 33. Rxd2 e4 34. Qb2 e3 35. Re2 Ne5 36. Rxc8 Rxc8 37. Re1 exf2+ 38. Qxf2 Rxc1 0-1

[Event "European Women-ch 2023"]
[Site "Petrovac"]
[Date "2023.03.20"]
[Round "3.27"]
[White "Eric, Jovana"]
[Black "Skvortsova, Alena"]
[Result "0-1"]
[WhiteElo "2230"]
[BlackElo "2032"]
[Annotator "TA"]
[PlyCount "100"]
[EventDate "2023.03.15"]
[EventType "swiss"]
[EventCountry "MNE"]
[SourceTitle "playchess.com"]
[Source "ChessBase"]
[SourceQuality "1"]

1. e4 c5 2. Nf3 Nc6 3. d4 cxd4 4. Nxd4 Nf6 5. Nc3 e5 6. Ndb5 d6 7. Nd5 Nxd5 8. exd5 Nb8 9. c4 Be7 10. Be2 O-O 11. O-O a6 12. Nc3 Nd7 13. a3 f5 14. Kh1 f4 15. f3 Rf6 16. Ne4 Rh6 17. g3 Bg5 18. Rg1 Nc5 19. gxf4 Bxf4 20. Bxf4 exf4 21. Nf2 Qh4 22. Rg2 Bf5 23. b4 Nd7 24. Rc1 b6 25. Qd4 Rg6 26. Rxg6 hxg6 27. Ne4 Re8 28. Rg1 Bxe4 29. fxe4 Ne5 30. Qd1 Qh3 31. Bg4 Qe3 32. Be6+ Rxe6 33. dxe6 Qxe4+ 34. Rg2 f3 35. Rf2 Nd3 36. Qd2 Nxf2+ 37. Qxf2 g5 38. h3 g4 39. hxg4 Qxg4 40. a4 a5 41. bxa5 bxa5 42. Qb2 Qg2+ 43. Qxg2 fxg2+ 44. Kxg2 Kf8 45. Kf3 Ke7 46. Ke4 Kxe6 47. Kd4 g5 48. Ke4 g4 49. Kf4 g3 50. Kxg3 Ke5 0-1

[Event "European Women-ch 2023"]
[Site "Petrovac"]
[Date "2023.03.20"]
[Round "3.28"]
[White "Kobak, Polina"]
[Black "Mamedjarova, Turkan"]
[Result "1-0"]
[WhiteElo "1815"]
[BlackElo "2229"]
[Annotator "TA"]
[PlyCount "83"]
[EventDate "2023.03.15"]
[EventType "swiss"]
[EventCountry "MNE"]
[SourceTitle "playchess.com"]
[Source "ChessBase"]
[SourceQuality "1"]

1. d4 d5 2. c4 e6 3. Nf3 f5 4. Bf4 Nf6 5. Nc3 c6 6. e3 Bd6 7. Bd3 Qc7 8. Qc1 O-O 9. O-O Qe7 10. c5 Bc7 11. b4 Ng4 12. Ne2 e5 13. dxe5 Nxe5 14. Nxe5 Bxe5 15. Bxe5 Qxe5 16. Nd4 Bd7 17. Qc2 Rf6 18. Nf3 Qe7 19. a4 Be6 20. Nd4 g6 21. b5 Nd7 22. bxc6 bxc6 23. Nxc6 Qxc5 24. Rfc1 Qd6 25. Qc3 Bf7 26. Qd4 f4 27. Nxa7 fxe3 28. fxe3 Ne5 29. Nb5 Qe7 30. Rc7 Qe6 31. Be2 Rf8 32. Rcc1 Nc6 33. Qc3 g5 34. Nd4 Nxd4 35. Qxd4 Bg6 36. Rf1 Bf5 37. a5 R6f7 38. a6 Ra8 39. Bf3 Rd7 40. Rfd1 Rxa6 41. Rxa6 Qxa6 42. Bxd5+ 1-0

[Event "European Women-ch 2023"]
[Site "Petrovac"]
[Date "2023.03.21"]
[Round "4.1"]
[White "Maltsevskaya, Aleksandra"]
[Black "Bulmaga, Irina"]
[Result "0-1"]
[WhiteElo "2388"]
[BlackElo "2438"]
[Annotator "TA"]
[PlyCount "42"]
[EventDate "2023.03.15"]
[EventType "swiss"]
[EventCountry "MNE"]
[SourceTitle "playchess.com"]
[Source "ChessBase"]
[SourceQuality "1"]

1. e4 e5 2. Nc3 Nf6 3. d4 exd4 4. Qxd4 Nc6 5. Qd3 Bc5 6. Bf4 d6 7. Qd2 Bb4 8. O-O-O Be6 9. Qd3 O-O 10. Nd5 Bc5 11. f3 Nxd5 12. exd5 Nb4 13. Qe4 Bxd5 14. Qf5 Be6 15. Qh5 Nxa2+ 16. Kb1 Nb4 17. Nh3 Qe8 18. Ng5 Bf5 19. Bd3 Nxd3 20. cxd3 Bg6 21. Qg4 Qb5 0-1

[Event "European Women-ch 2023"]
[Site "Petrovac"]
[Date "2023.03.21"]
[Round "4.1"]
[White "Sliwicka, Alicja"]
[Black "Milliet, Sophie"]
[Result "1/2-1/2"]
[WhiteElo "2272"]
[BlackElo "2404"]
[Annotator "TA"]
[PlyCount "93"]
[EventDate "2023.03.15"]
[EventType "swiss"]
[EventCountry "MNE"]
[SourceTitle "playchess.com"]
[Source "ChessBase"]
[SourceQuality "1"]

1. e4 e5 2. Nf3 Nc6 3. Bb5 a6 4. Ba4 Nf6 5. Nc3 Bc5 6. d3 d6 7. Nd5 h6 8. c3 O-O 9. Nxf6+ Qxf6 10. h3 Ne7 11. g4 d5 12. g5 hxg5 13. Bxg5 Qd6 14. Rg1 Ng6 15. Qd2 d4 16. Nh4 Nf4 17. Bxf4 exf4 18. Rg5 Qb6 19. Nf5 Bxf5 20. Rxf5 Be7 21. Bb3 g6 22. Rd5 Rad8 23. Rxd8 Bxd8 24. Qxf4 dxc3 25. bxc3 Qa5 26. Qd2 Bg5 27. Qc2 Bf4 28. d4 Qg5 29. Qe2 Re8 30. Kf1 Kg7 31. Qf3 f6 32. Re1 c6 33. Re2 Bh2 34. Qg4 Qxg4 35. hxg4 Bf4 36. Kg2 Kh6 37. Kf3 g5 38. Rb2 Re7 39. a4 Kg7 40. Ba2 Kf8 41. Bb1 Ke8 42. Bd3 Kd8 43. Ke2 Kc7 44. Rb1 Rh7 45. Rd1 Rh2 46. Rg1 a5 47. Bc4 1/2-1/2